Normal view
MARC view
- भागवत वित
Entry Personal Name
001 - CONTROL NUMBER
- control field: 52008
003 - CONTROL NUMBER IDENTIFIER
- control field: OSt
005 - DATE AND TIME OF LATEST TRANSACTION
- control field: 20220806104056.0
008 - FIXED-LENGTH DATA ELEMENTS
- fixed length control field: 220806|| aca||aabn | a|a d
040 ## - CATALOGING SOURCE
- Original cataloging agency: OSt
- Transcribing agency: OSt
100 ## - HEADING--PERSONAL NAME
- Personal name: भागवत वित
670 ## - SOURCE DATA FOUND
- Source citation: Work cat.: (OSt)30223: भागवत वित., स्त्रीप्रश्नांची वाटचाल., 2005